| 000 | 00549nam a22001817a 4500 | ||
|---|---|---|---|
| 999 |
_c178737 _d178737 |
||
| 005 | 20210412150421.0 | ||
| 010 | _aENG-129445 | ||
| 020 |
_c350.00 _a978-93-84929-06-0 |
||
| 035 | _aEN-112977 | ||
| 037 | _bDBAD/PUB | ||
| 082 | _a921 | ||
| 100 | _aVarshney, Gillesh | ||
| 245 |
_aBharat Ratan Rajeev Gandhi/ _cGillesh Varshney |
||
| 260 |
_aDelhi _bKids knowledge Bank _c2019 |
||
| 270 |
_a7/20,60 Feet Road,Yushishtar Gali _bDelhi _e110032 |
||
| 300 |
_a157p. _c23cm(hbk) _bincluding illustrations |
||
| 942 |
_2ddc _cEN _h921 _mVAR |
||